000 00431nam a22001457a 4500
999 _c6661
_d6661
003 GBCCL
005 20241126110608.0
008 180523b ||||| |||| 00| 0 eng d
040 _cgbc
082 _a616
_bDRU
245 _aDrug today:
_bReady reckoner of current medical formulations /
_cEdited by K.N. Mishra,...et.al.
260 _aDelhi:
_bLorina Publications,
_c1995
300 _a367 p.;
_bcol. photos,
_c21 cm.
942 _2ddc
_cBK